Standards of archaeological excavation : a field guide to the methodology, recording techniques and conventions /

محفوظ في:

المؤلف الرئيسي: Tassie, Geoffrey John (مؤلف)

مؤلف مشترك: Egyptian Cultural Heritage Organisation.

مؤلفون آخرون: Owens, L. S.

التنسيق: كتاب

اللغة: English

منشور في: [London] : Golden House, 2010.

الطبعة: 1st ed.

سلاسل: Egyptian Cultural Heritage Organisation monograph series ; 1.

الموضوعات:

الوسوم: إضافة وسم

لا توجد وسوم, كن أول من يضع وسما على هذه التسجيلة!

رقم الطلب: CC76 .T37 2010

LEADER 01175namaa2200301 4500
001 19175
003 OSt
005 20251023093438.0
008 130303s2010 enka b 000 0 eng d
010 |a 2010549491 
020 |a 9781906137175 
040 |c ARCE Library 
050 4 |a CC76 .T37 2010 
100 1 |a Tassie, Geoffrey John,  |e author  |9 40886 
245 1 0 |a Standards of archaeological excavation :   |b a field guide to the methodology, recording techniques and conventions /   |c Geoffrey John Tassie, Lawrence Stewart Owens. 
250 |a 1st ed. 
264 1 |a [London] :   |b Golden House,   |c 2010. 
300 |a xxiii, 576 pages :  |b illustrations ;  |c 26 cm +  |e 1 CD-ROM (4 3/4 in.) 
490 1 |a Egyptian Cultural Heritage Organisation monograph series ;   |v 1. 
504 |a Includes bibliographical references. 
650 0 |a Archaeology  |x Fieldwork  |v Handbooks, manuals, etc. 
650 0 |a Archaeology  |x Methodology  |v Handbooks, manuals, etc. 
700 1 |a Owens, L. S.  |q (Lawrence S.) 
710 2 |a Egyptian Cultural Heritage Organisation. 
830 0 |a Egyptian Cultural Heritage Organisation monograph series ;   |v 1. 
901 |a reviewed 
942 |c BK  |2 lcc 
999 |c 16948  |d 16948